Statystyki dla Państwa z pustynią - Azja

Kliknij tutaj aby rozwiązać quiz!

Ogólne statystyki

  • Ten quiz został rozwiązany 82 razy
  • Średni wynik to 15 z 17

Odpowiedzi na mapie

Odpowiedzi skodowane kolorowo w zielono-czerwonej skali na mapie do tego quizu, zgodnie z poniższymi procentami.
 

Statystyki odpowiedzi

Odpowiedź% Poprawnych
Chiny
99%
Arabia Saudyjska
96%
Indie
94%
Iran
93%
Irak
92%
Kazachstan
90%
Mongolia
88%
Oman
88%
Pakistan
86%
Zjednoczone Emiraty Arabskie | ZEA
86%
Afganistan
85%
Jemen
85%
Izrael
83%
Syria
83%
Jordania
81%
Turkmenistan
81%
Uzbekistan
78%

Rozkład punktacji

Percentyl według liczby udzielonych odpowiedzi

Procent ludzi z każdym wynikiem

Twoja historia wyników

Nie rozwiązałeś tego quizu